|
|
|
|
| LEADER |
00000nam0a2200000 4500 |
| 001 |
93637 |
| 005 |
20231101213911.0 |
| 035 |
|
|
|a (RuTPU)RU\TPU\book\100249
|
| 090 |
|
|
|a 93637
|
| 100 |
|
|
|a 20060330d1967 k y0rusy50 ca
|
| 101 |
0 |
|
|a rus
|
| 102 |
|
|
|a RU
|
| 105 |
|
|
|a a z 001zy
|
| 200 |
1 |
|
|a Основы динамики механизмов с переменной массой звеньев
|f А. П. Бессонов
|g Академия наук СССР, Государственный научно-исследовательский институт машиноведения им. А. А. Благонравова
|
| 210 |
|
|
|a Москва
|c Наука
|d 1967
|
| 215 |
|
|
|a 279 с.
|c ил.
|
| 225 |
1 |
|
|a Проблемы теории машин
|
| 320 |
|
|
|a Библиогр.: с. 266-276
|
| 610 |
1 |
|
|a механизмы с переменной массой звеньев
|
| 610 |
1 |
|
|a динамика
|
| 610 |
1 |
|
|a звенья с переменной массой
|
| 610 |
1 |
|
|a плоские механизмы
|
| 610 |
1 |
|
|a вибрационные механизмы
|
| 610 |
1 |
|
|a роторы
|
| 610 |
1 |
|
|a переменные массы
|
| 675 |
|
|
|a 621.01:531.3
|v 3
|
| 700 |
|
1 |
|a Бессонов
|b А. П.
|g Аркадий Петрович
|
| 712 |
0 |
2 |
|a Академия наук СССР
|b Государственный научно-исследовательский институт машиноведения им. А. А. Благонравова
|c (Москва)
|c (1962-1979)
|2 stltpush
|3 (RuTPU)RU\TPU\col\27800
|9 28893
|
| 801 |
|
1 |
|a RU
|b 63413507
|c 20060330
|g PSBO
|
| 801 |
|
2 |
|a RU
|b 63413507
|c 20220218
|g PSBO
|
| 942 |
|
|
|c BK
|